000 006570000a22001930004500
041 0 _aSPA
082 0 4 _aG 171.1 D2721c
100 1 _aDawson, Christopher (1889-1970)
245 1 0 _aEl cristianismo y los nuevos tiempos / Christopher Dawson ; José Coronel Urtecho, Traductor
260 _aSantiago de Chile, Chile : Zig-Zag
300 _a196 Pag.
505 0 0 _areligión y vida -- naturaleza y destino del hombre -- cristianismo y sexo
650 1 4 _aFILOSOFIA DE LA RELIGION \ CRISTIANISMO \ HUMANISMO
001 1141
942 _cBK
999 _c32478
_d32478
336 _atexto
_btxt
_2rdacontent
337 _2rdamedia
_asin mediación
_bn
338 _2rdacarrier
_avolumen
_bnc